[Event "Greek Team Championship"]
[Site "chess24.com"]
[Date "2017.07.08"]
[Round "7"]
[White "Tsekouras, Theodoros"]
[Black "Filippas, Sebastian"]
[Result "0-1"]
[Board "3"]
[WhiteElo "2225"]
[WhiteCountry "GRE"]
[WhiteFideId "4203402"]
[WhiteEloChange "-9"]
[BlackElo "2268"]
[BlackCountry "GRE"]
[BlackFideId "4214862"]
[BlackEloChange "9"]

1. e4 {[%clk 1:30:53]} c5 {[%clk 1:29:17]} 2. Nf3 {[%clk 1:30:45]} d6 {[%clk
1:29:42]} 3. d4 {[%clk 1:30:20]} Nf6 {[%clk 1:30:02]} 4. Nc3 {[%clk 1:30:43]}
cxd4 {[%clk 1:30:29]} 5. Nxd4 {[%clk 1:31:07]} g6 {[%clk 1:30:48]} 6. Be2 {[%clk
1:30:14]} Bg7 {[%clk 1:31:13]} 7. O-O {[%clk 1:30:37]} Nc6 {[%clk 1:31:41]} 8.
Nb3 {[%clk 1:30:47]} O-O {[%clk 1:32:05]} 9. Bg5 {[%clk 1:31:06]} b6 {[%clk
1:06:49]} 10. f4 {[%clk 1:25:50]} Bb7 {[%clk 1:07:12]} 11. Bf3 {[%clk 1:20:50]}
Nd7 {[%clk 1:07:35]} 12. Rf2 {[%clk 1:07:53]} Nc5 {[%clk 0:52:39]} 13. Rd2 {[%clk
1:01:20]} Ne6 {[%clk 0:52:30]} 14. Bh4 {[%clk 0:34:32]} Nxf4 {[%clk 0:52:49]} 15.
Bg3 {[%clk 0:34:54]} Be5 {[%clk 0:48:29]} 16. Nd5 {[%clk 0:32:05]} Ne6 {[%clk
0:45:57]} 17. Bh4 {[%clk 0:26:15]} h6 {[%clk 0:17:17]} 18. c3 {[%clk 0:24:49]}
Ng5 {[%clk 0:17:40]} 19. Qe2 {[%clk 0:21:46]} e6 {[%clk 0:17:57]} 20. Ne3 {[%clk
0:21:32]} Nxf3+ {[%clk 0:18:23]} 0-1

[Event "Greek Team Championship"]
[Site "chess24.com"]
[Date "2017.07.08"]
[Round "7"]
[White "Tzouganakis, Panteleimon"]
[Black "Moutzouris, Iason"]
[Result "1-0"]
[Board "4"]
[WhiteElo "2227"]
[WhiteCountry "GRE"]
[WhiteFideId "4215826"]
[WhiteEloChange "2"]
[BlackElo "1818"]
[BlackCountry "GRE"]
[BlackFideId "4219740"]
[BlackEloChange "-2"]

1. e4 {[%clk 1:27:22]} c5 {[%clk 1:30:57]} 2. Nf3 {[%clk 1:27:46]} d6 {[%clk
1:31:24]} 3. d4 {[%clk 1:26:52]} cxd4 {[%clk 1:31:50]} 4. Qxd4 {[%clk 1:27:18]}
Nc6 {[%clk 1:32:10]} 5. Bb5 {[%clk 1:27:21]} Bd7 {[%clk 1:32:35]} 6. Bxc6 {[%clk
1:27:46]} Bxc6 {[%clk 1:33:01]} 7. Nc3 {[%clk 1:27:25]} Nf6 {[%clk 1:33:26]} 8.
Bg5 {[%clk 1:26:22]} e6 {[%clk 1:33:49]} 9. O-O-O {[%clk 1:26:21]} Be7 {[%clk
1:34:13]} 10. Kb1 {[%clk 1:23:07]} O-O {[%clk 1:34:28]} 11. Rhe1 {[%clk 1:13:43]}
Rc8 {[%clk 1:32:54]} 12. Bxf6 {[%clk 0:34:08]} Bxf6 {[%clk 1:27:21]} 13. Qxd6
{[%clk 0:34:34]} Qa5 {[%clk 1:14:42]} 14. Qd2 {[%clk 0:34:32]} Rfd8 {[%clk
1:12:26]} 15. Nd5 {[%clk 0:34:42]} Qxd2 {[%clk 0:53:26]} 16. Nxf6+ {[%clk
0:35:06]} gxf6 {[%clk 0:53:52]} 17. Rxd2 {[%clk 0:35:27]} Kf8 {[%clk 0:25:12]}
18. Kc1 {[%clk 0:34:19]} Ke7 {[%clk 0:23:18]} 19. Nd4 {[%clk 0:33:49]} Bd7 {[%clk
0:22:56]} 20. Red1 {[%clk 0:33:51]} Rc5 {[%clk 0:21:48]} 21. f3 {[%clk 0:28:01]}
Rc7 {[%clk 0:19:58]} 22. Nb5 {[%clk 0:27:17]} Rc5 {[%clk 0:17:43]} 23. Nd6 {[%clk
0:26:41]} Rc7 {[%clk 0:18:05]} 24. b3 {[%clk 0:26:25]} Rb8 {[%clk 0:15:34]} 25.
Nxf7 {[%clk 0:26:16]} b5 {[%clk 0:15:16]} 26. Nd6 {[%clk 0:25:29]} a5 {[%clk
0:12:59]} 27. f4 {[%clk 0:25:39]} a4 {[%clk 0:12:50]} 28. Rd3 {[%clk 0:25:06]}
axb3 {[%clk 0:11:06]} 29. axb3 {[%clk 0:24:41]} Ra8 {[%clk 0:11:27]} 30. Kb2
{[%clk 0:22:45]} Rca7 {[%clk 0:10:26]} 31. Rh3 {[%clk 0:20:18]} Ra2+ {[%clk
0:09:12]} 32. Kc3 {[%clk 0:20:40]} Rh8 {[%clk 0:09:34]} 33. e5 {[%clk 0:20:15]}
h5 {[%clk 0:07:35]} 34. Rg3 {[%clk 0:19:52]} Rh7 {[%clk 0:07:30]} 35. Ne4 {[%clk
0:15:16]} fxe5 {[%clk 0:07:00]} 36. Rxd7+ {[%clk 0:15:38]} 1-0

[Event "Greek Team Championship"]
[Site "chess24.com"]
[Date "2017.07.08"]
[Round "7"]
[White "Makropoulou, Marina"]
[Black "Michna, Marta"]
[Result "0-1"]
[Board "5"]
[WhiteElo "2136"]
[WhiteTitle "WGM"]
[WhiteCountry "GRE"]
[WhiteFideId "4200187"]
[WhiteEloChange "-4"]
[BlackElo "2372"]
[BlackTitle "WGM"]
[BlackCountry "GER"]
[BlackFideId "1106686"]
[BlackEloChange "4"]

1. e4 {[%clk 1:30:57]} e6 {[%clk 1:30:57]} 2. d4 {[%clk 1:31:21]} d5 {[%clk
1:31:25]} 3. Nc3 {[%clk 1:31:31]} Nf6 {[%clk 1:31:49]} 4. e5 {[%clk 1:31:47]}
Nfd7 {[%clk 1:32:13]} 5. f4 {[%clk 1:32:09]} c5 {[%clk 1:32:35]} 6. Nf3 {[%clk
1:32:31]} Be7 {[%clk 1:32:57]} 7. Be3 {[%clk 1:30:23]} b6 {[%clk 1:32:59]} 8. Qd2
{[%clk 1:23:06]} O-O {[%clk 1:32:38]} 9. O-O-O {[%clk 1:13:24]} c4 {[%clk
1:32:17]} 10. f5 {[%clk 1:13:44]} b5 {[%clk 1:32:44]} 11. f6 {[%clk 1:07:46]}
gxf6 {[%clk 1:33:10]} 12. Nxb5 {[%clk 1:07:33]} Nc6 {[%clk 1:13:16]} 13. Bh6
{[%clk 1:03:28]} fxe5 {[%clk 1:04:04]} 14. dxe5 {[%clk 0:46:44]} Ncxe5 {[%clk
0:56:39]} 15. h4 {[%clk 0:38:03]} Rb8 {[%clk 0:45:49]} 16. Nxe5 {[%clk 0:37:13]}
Nxe5 {[%clk 0:45:52]} 17. Qf4 {[%clk 0:37:21]} Rxb5 {[%clk 0:37:49]} 18. Qxe5
{[%clk 0:36:23]} Bf6 {[%clk 0:38:07]} 19. Qg3+ {[%clk 0:36:39]} Kh8 {[%clk
0:38:34]} 20. Bxf8 {[%clk 0:35:09]} Bxb2+ {[%clk 0:36:12]} 21. Kd2 {[%clk
0:35:02]} Qxf8 {[%clk 0:36:35]} 22. c3 {[%clk 0:31:22]} f6 {[%clk 0:24:51]} 23.
Ke1 {[%clk 0:27:37]} e5 {[%clk 0:22:14]} 24. Be2 {[%clk 0:26:10]} Be6 {[%clk
0:20:28]} 25. Qe3 {[%clk 0:16:54]} Qa3 {[%clk 0:17:11]} 26. Kf1 {[%clk 0:15:52]}
Qc5 {[%clk 0:07:52]} 27. Qh6 {[%clk 0:09:04]} Qe7 {[%clk 0:08:07]} 28. Qe3 {[%clk
0:04:01]} d4 {[%clk 0:04:51]} 29. cxd4 {[%clk 0:02:36]} exd4 {[%clk 0:04:39]} 30.
Qe4 {[%clk 0:02:02]} d3 {[%clk 0:04:47]} 31. Bf3 {[%clk 0:01:18]} Be5 {[%clk
0:05:04]} 32. g4 {[%clk 0:00:38]} Rb2 {[%clk 0:04:41]} 33. Rg1 {[%clk 0:00:41]}
Rb5 {[%clk 0:02:52]} 34. Rg2 {[%clk 0:00:45]} Bd5 {[%clk 0:02:36]} 35. Qe3 {[%clk
0:00:37]} Bxf3 {[%clk 0:02:18]} 36. Qxf3 {[%clk 0:01:05]} Qb7 {[%clk 0:02:29]}
37. Rf2 {[%clk 0:00:49]} a5 {[%clk 0:00:59]} 38. Qxb7 {[%clk 0:00:35]} Rxb7
{[%clk 0:01:26]} 39. g5 {[%clk 0:00:51]} fxg5 {[%clk 0:01:14]} 40. hxg5 {[%clk
0:30:43]} Kg7 {[%clk 0:30:55]} 41. Rf5 {[%clk 0:26:09]} Rb5 {[%clk 0:29:55]} 42.
a4 {[%clk 0:21:27]} Rd5 {[%clk 0:29:10]} 43. Rf3 {[%clk 0:17:33]} c3 {[%clk
0:28:48]} 0-1

[Event "Greek Team Championship"]
[Site "chess24.com"]
[Date "2017.07.08"]
[Round "7"]
[White "Papathanasiou, Elisavet"]
[Black "Fragou, Maria V."]
[Result "1-0"]
[Board "6"]
[WhiteElo "1927"]
[WhiteCountry "GRE"]
[WhiteFideId "4222687"]
[WhiteEloChange "2"]
[BlackElo "1395"]
[BlackCountry "GRE"]
[BlackFideId "4277988"]
[BlackEloChange "-2"]

1. Nf3 {[%clk 1:26:02]} Nf6 {[%clk 1:30:08]} 2. b3 {[%clk 1:26:18]} d5 {[%clk
1:28:09]} 3. Bb2 {[%clk 1:26:42]} e6 {[%clk 1:27:42]} 4. e3 {[%clk 1:26:57]} Nbd7
{[%clk 1:27:27]} 5. d4 {[%clk 1:27:11]} b6 {[%clk 1:26:51]} 6. Bd3 {[%clk
1:27:31]} Be7 {[%clk 1:26:31]} 7. O-O {[%clk 1:27:55]} c5 {[%clk 1:24:00]} 8. c4
{[%clk 1:28:13]} O-O {[%clk 1:23:58]} 9. Nc3 {[%clk 1:28:33]} Bb7 {[%clk
1:23:35]} 10. Qe2 {[%clk 1:27:11]} Bd6 {[%clk 1:17:45]} 11. Nb5 {[%clk 1:26:44]}
Qe7 {[%clk 1:15:58]} 12. Nxd6 {[%clk 1:27:04]} Qxd6 {[%clk 1:16:17]} 13. Ne5
{[%clk 1:26:51]} Qe7 {[%clk 1:12:12]} 14. Nxd7 {[%clk 1:26:08]} Nxd7 {[%clk
1:11:59]} 15. Rad1 {[%clk 1:25:27]} cxd4 {[%clk 1:08:04]} 16. exd4 {[%clk
1:25:51]} Rfe8 {[%clk 1:03:21]} 17. Rfe1 {[%clk 1:24:43]} Nf8 {[%clk 1:00:25]}
18. Qg4 {[%clk 1:22:23]} Ng6 {[%clk 0:59:29]} 19. Bc1 {[%clk 1:18:00]} Qh4 {[%clk
0:56:56]} 20. Qe2 {[%clk 1:10:28]} Rad8 {[%clk 0:52:08]} 21. Qe3 {[%clk 1:06:25]}
dxc4 {[%clk 0:45:10]} 22. Bxc4 {[%clk 1:05:25]} Bd5 {[%clk 0:44:05]} 23. Bb5
{[%clk 0:57:21]} Re7 {[%clk 0:41:35]} 24. Qg5 {[%clk 0:54:50]} h6 {[%clk
0:40:51]} 25. Qxh4 {[%clk 0:45:48]} Nxh4 {[%clk 0:41:13]} 26. f3 {[%clk 0:46:03]}
Bxf3 {[%clk 0:35:18]} 27. gxf3 {[%clk 0:46:00]} Nxf3+ {[%clk 0:35:42]} 28. Kf2
{[%clk 0:45:28]} Nxe1 {[%clk 0:35:16]} 29. Kxe1 {[%clk 0:45:51]} Rc7 {[%clk
0:24:41]} 30. Bc4 {[%clk 0:42:24]} Rcd7 {[%clk 0:20:16]} 31. Be3 {[%clk 0:40:58]}
Kf8 {[%clk 0:18:01]} 32. a4 {[%clk 0:40:52]} Ke7 {[%clk 0:17:51]} 33. Ke2 {[%clk
0:41:03]} f6 {[%clk 0:13:40]} 34. Rg1 {[%clk 0:40:06]} Kf7 {[%clk 0:12:13]} 35.
Kf3 {[%clk 0:38:46]} Rh8 {[%clk 0:10:37]} 36. Bd3 {[%clk 0:37:38]} g5 {[%clk
0:08:49]} 37. h4 {[%clk 0:37:16]} Ke7 {[%clk 0:07:16]} 38. Rh1 {[%clk 0:33:26]}
Rg8 {[%clk 0:06:20]} 39. hxg5 {[%clk 0:32:57]} hxg5 {[%clk 0:06:19]} 40. Bb5
{[%clk 1:03:03]} Rc7 {[%clk 0:36:13]} 41. Bc4 {[%clk 1:00:40]} Kd6 {[%clk
0:33:52]} 42. Bc1 {[%clk 1:00:29]} Rcg7 {[%clk 0:28:45]} 43. Ba3+ {[%clk
0:59:04]} Kd7 {[%clk 0:26:53]} 44. Re1 {[%clk 0:59:25]} Kc7 {[%clk 0:11:49]} 45.
Bxe6 {[%clk 0:59:30]} Rd8 {[%clk 0:11:52]} 46. Rc1+ {[%clk 0:56:49]} Kb8 {[%clk
0:12:00]} 47. d5 {[%clk 0:56:53]} Rc7 {[%clk 0:11:47]} 48. Rxc7 {[%clk 0:57:02]}
Kxc7 {[%clk 0:12:11]} 49. Be7 {[%clk 0:56:58]} 1-0

[Event "Greek Team Championship"]
[Site "chess24.com"]
[Date "2017.07.08"]
[Round "7"]
[White "Louka, Marianthi"]
[Black "Skiadopoulou, Afroditi-Lelouda"]
[Result "0-1"]
[Board "7"]
[WhiteElo "1490"]
[WhiteCountry "GRE"]
[WhiteFideId "4285026"]
[WhiteEloChange "-11"]
[BlackElo "1469"]
[BlackCountry "GRE"]
[BlackFideId "4290712"]
[BlackEloChange "11"]

1. e4 {[%clk 1:30:58]} e5 {[%clk 1:30:56]} 2. Nf3 {[%clk 1:31:19]} Nc6 {[%clk
1:31:23]} 3. Bc4 {[%clk 1:31:42]} Bc5 {[%clk 1:31:39]} 4. d3 {[%clk 1:31:56]} Nf6
{[%clk 1:31:56]} 5. Nbd2 {[%clk 1:31:24]} O-O {[%clk 1:32:17]} 6. c3 {[%clk
1:31:03]} d6 {[%clk 1:32:13]} 7. O-O {[%clk 1:31:03]} Na5 {[%clk 1:32:21]} 8. Bb5
{[%clk 1:31:23]} a6 {[%clk 1:28:03]} 9. Ba4 {[%clk 1:31:42]} b5 {[%clk 1:28:26]}
10. Bc2 {[%clk 1:32:06]} Ba7 {[%clk 1:28:37]} 11. h3 {[%clk 1:31:21]} c5 {[%clk
1:13:23]} 12. Re1 {[%clk 1:19:29]} Bb7 {[%clk 1:04:51]} 13. Nf1 {[%clk 1:16:09]}
Nc6 {[%clk 1:02:04]} 14. Bg5 {[%clk 1:12:17]} h6 {[%clk 1:01:37]} 15. Bh4 {[%clk
1:12:40]} Qe7 {[%clk 0:57:05]} 16. Qd2 {[%clk 1:07:15]} Nb8 {[%clk 0:51:03]} 17.
Ne3 {[%clk 1:05:37]} Kh7 {[%clk 0:46:20]} 18. Nf5 {[%clk 1:01:45]} Qe6 {[%clk
0:46:23]} 19. c4 {[%clk 0:40:05]} Ng8 {[%clk 0:41:18]} 20. Bb3 {[%clk 0:21:04]}
b4 {[%clk 0:41:13]} 21. Qe3 {[%clk 0:19:19]} Bb6 {[%clk 0:38:45]} 22. g4 {[%clk
0:18:40]} f6 {[%clk 0:32:25]} 23. Qe2 {[%clk 0:11:31]} Bd8 {[%clk 0:26:38]} 24.
Kh2 {[%clk 0:11:22]} Ne7 {[%clk 0:21:58]} 25. Rg1 {[%clk 0:11:17]} Ng6 {[%clk
0:18:57]} 26. g5 {[%clk 0:03:36]} Nxh4 {[%clk 0:19:11]} 27. N3xh4 {[%clk
0:03:24]} fxg5 {[%clk 0:19:04]} 28. Qh5 {[%clk 0:02:28]} Rg8 {[%clk 0:17:40]} 29.
Nf3 {[%clk 0:02:29]} Bc6 {[%clk 0:17:44]} 30. Nxg5+ {[%clk 0:01:47]} Bxg5 {[%clk
0:17:54]} 31. Rxg5 {[%clk 0:02:12]} Be8 {[%clk 0:17:59]} 32. Qh4 {[%clk 0:02:39]}
Nc6 {[%clk 0:16:42]} 33. Rag1 {[%clk 0:02:46]} Ra7 {[%clk 0:16:46]} 34. Ba4
{[%clk 0:01:20]} Nd4 {[%clk 0:16:54]} 35. Nxd4 {[%clk 0:01:41]} exd4 {[%clk
0:17:00]} 36. Bxe8 {[%clk 0:01:59]} Qxe8 {[%clk 0:17:27]} 37. Rd5 {[%clk
0:01:55]} Rf7 {[%clk 0:16:54]} 38. Qg3 {[%clk 0:01:00]} Qf8 {[%clk 0:14:19]} 39.
Rg2 {[%clk 0:00:36]} Rf6 {[%clk 0:14:33]} 40. e5 {[%clk 0:30:37]} dxe5 {[%clk
0:44:37]} 41. Rxe5 {[%clk 0:29:36]} Rf3 {[%clk 0:40:39]} 42. Qg6+ {[%clk
0:19:08]} Kh8 {[%clk 0:40:46]} 43. Re2 {[%clk 0:18:47]} Qf4+ {[%clk 0:39:58]} 44.
Kg1 {[%clk 0:18:26]} Rxh3 {[%clk 0:38:46]} 45. Re1 {[%clk 0:16:40]} Qd2 {[%clk
0:35:22]} 46. Qe6 {[%clk 0:14:14]} Qxd3 {[%clk 0:32:15]} 47. Rg6 {[%clk 0:10:46]}
Qf3 {[%clk 0:31:06]} 48. Rg2 {[%clk 0:09:56]} Qh5 {[%clk 0:30:12]} 49. Kf1 {[%clk
0:09:50]} Rh1+ {[%clk 0:30:29]} 50. Rg1 {[%clk 0:10:15]} Rxg1+ {[%clk 0:30:53]}
51. Kxg1 {[%clk 0:10:37]} Qg5+ {[%clk 0:29:48]} 52. Kf1 {[%clk 0:10:57]} Qf4
{[%clk 0:29:52]} 53. Rd1 {[%clk 0:08:00]} Rf8 {[%clk 0:29:15]} 54. Qe2 {[%clk
0:08:24]} Qh2 {[%clk 0:29:08]} 55. Ke1 {[%clk 0:08:49]} Qg1+ {[%clk 0:28:42]} 0-1

[Event "Greek Team Championship"]
[Site "chess24.com"]
[Date "2017.07.08"]
[Round "7"]
[White "Lentzos, Ioanis"]
[Black "Vlahakis, Nikos"]
[Result "1-0"]
[Board "8"]
[WhiteElo "2038"]
[WhiteCountry "GRE"]
[WhiteFideId "4255470"]
[WhiteEloChange "2"]
[BlackElo "1563"]
[BlackCountry "GRE"]
[BlackFideId "4228367"]
[BlackEloChange "-2"]

1. d4 {[%clk 1:30:57]} Nf6 {[%clk 1:30:49]} 2. Nf3 {[%clk 1:31:15]} e6 {[%clk
1:31:07]} 3. e3 {[%clk 1:31:24]} b6 {[%clk 1:29:51]} 4. Bd3 {[%clk 1:31:24]} Bb7
{[%clk 1:30:07]} 5. O-O {[%clk 1:31:16]} Be7 {[%clk 1:30:25]} 6. c4 {[%clk
1:25:39]} O-O {[%clk 1:29:56]} 7. Nc3 {[%clk 1:25:59]} d5 {[%clk 1:29:06]} 8.
cxd5 {[%clk 1:19:25]} exd5 {[%clk 1:29:05]} 9. b3 {[%clk 1:16:34]} Nbd7 {[%clk
1:28:23]} 10. Bb2 {[%clk 1:13:30]} Ne4 {[%clk 1:28:09]} 11. Rc1 {[%clk 1:11:42]}
Nxc3 {[%clk 1:24:00]} 12. Rxc3 {[%clk 1:08:27]} Rc8 {[%clk 1:21:57]} 13. Qe2
{[%clk 1:05:13]} a5 {[%clk 1:01:54]} 14. Rd1 {[%clk 0:53:52]} c5 {[%clk 0:54:20]}
15. Rcc1 {[%clk 0:51:42]} cxd4 {[%clk 0:52:45]} 16. Nxd4 {[%clk 0:47:54]} Rxc1
{[%clk 0:51:40]} 17. Rxc1 {[%clk 0:47:46]} Nc5 {[%clk 0:51:26]} 18. Bb5 {[%clk
0:39:43]} Bf6 {[%clk 0:50:57]} 19. Nf5 {[%clk 0:29:39]} Bc8 {[%clk 0:49:01]} 20.
Bxf6 {[%clk 0:29:32]} Qxf6 {[%clk 0:49:24]} 21. Nd4 {[%clk 0:29:23]} Bb7 {[%clk
0:46:10]} 22. Qf3 {[%clk 0:16:13]} Qe5 {[%clk 0:39:50]} 23. Qf5 {[%clk 0:14:44]}
Qd6 {[%clk 0:39:36]} 24. Qg4 {[%clk 0:14:44]} Qe5 {[%clk 0:39:36]} 25. h3 {[%clk
0:08:33]} f5 {[%clk 0:29:56]} 26. Qf4 {[%clk 0:08:01]} Qf6 {[%clk 0:28:54]} 27.
h4 {[%clk 0:05:24]} h6 {[%clk 0:26:37]} 28. h5 {[%clk 0:05:45]} Kh7 {[%clk
0:24:22]} 29. a3 {[%clk 0:04:55]} Rf7 {[%clk 0:22:40]} 30. b4 {[%clk 0:04:14]}
axb4 {[%clk 0:23:01]} 31. axb4 {[%clk 0:04:41]} Ne6 {[%clk 0:22:37]} 32. Qxf5+
{[%clk 0:01:54]} Qxf5 {[%clk 0:22:52]} 33. Nxf5 {[%clk 0:02:21]} Rxf5 {[%clk
0:23:03]} 34. Bd3 {[%clk 0:02:48]} g6 {[%clk 0:22:45]} 35. hxg6+ {[%clk 0:03:15]}
Kxg6 {[%clk 0:23:10]} 36. g4 {[%clk 0:03:43]} 1-0

[Event "Greek Team Championship"]
[Site "chess24.com"]
[Date "2017.07.08"]
[Round "7"]
[White "Beliotis, Georgios"]
[Black "Makris, Spyridon-Dionysios"]
[Result "1-0"]
[Board "9"]
[WhiteElo "2107"]
[WhiteCountry "GRE"]
[WhiteFideId "4231945"]
[WhiteEloChange "4"]
[BlackElo "1859"]
[BlackCountry "GRE"]
[BlackFideId "25801376"]
[BlackEloChange "-4"]

1. c4 {[%clk 1:29:03]} Nf6 {[%clk 1:30:47]} 2. g3 {[%clk 1:29:06]} g6 {[%clk
1:30:44]} 3. Bg2 {[%clk 1:27:55]} d5 {[%clk 1:30:42]} 4. cxd5 {[%clk 1:24:02]}
Nxd5 {[%clk 1:30:13]} 5. Nc3 {[%clk 1:24:24]} Nb6 {[%clk 1:30:38]} 6. Nf3 {[%clk
1:23:51]} Bg7 {[%clk 1:31:00]} 7. O-O {[%clk 1:24:10]} O-O {[%clk 1:30:43]} 8. b4
{[%clk 1:21:54]} Nd5 {[%clk 0:47:28]} 9. Ba3 {[%clk 1:15:33]} Nb6 {[%clk
0:26:10]} 10. Qc2 {[%clk 1:12:59]} Nc4 {[%clk 0:25:41]} 11. Bc1 {[%clk 1:13:20]}
Nc6 {[%clk 0:25:49]} 12. Rb1 {[%clk 1:12:44]} e5 {[%clk 0:17:58]} 13. d3 {[%clk
1:10:29]} Nd6 {[%clk 0:18:22]} 14. b5 {[%clk 1:06:01]} Ne7 {[%clk 0:18:06]} 15.
a4 {[%clk 1:02:59]} c6 {[%clk 0:16:27]} 16. Ba3 {[%clk 1:00:47]} Re8 {[%clk
0:15:53]} 17. Rfc1 {[%clk 0:58:32]} f5 {[%clk 0:15:15]} 18. Qb3+ {[%clk 0:51:14]}
Kh8 {[%clk 0:14:36]} 19. Ng5 {[%clk 0:49:18]} Ng8 {[%clk 0:13:59]} 20. Bxd6
{[%clk 0:47:17]} Qxg5 {[%clk 0:14:15]} 21. bxc6 {[%clk 0:47:19]} bxc6 {[%clk
0:14:24]} 22. Bxc6 {[%clk 0:46:59]} Be6 {[%clk 0:14:40]} 23. Qb5 {[%clk 0:44:55]}
a6 {[%clk 0:13:37]} 24. Qb6 {[%clk 0:43:46]} Rac8 {[%clk 0:11:58]} 25. Bxe8
{[%clk 0:43:30]} Rxe8 {[%clk 0:12:27]} 26. Qxa6 {[%clk 0:42:00]} f4 {[%clk
0:12:40]} 27. Ne4 {[%clk 0:41:03]} Qh6 {[%clk 0:11:49]} 28. Qc6 {[%clk 0:40:51]}
Rc8 {[%clk 0:12:07]} 29. Bc7 {[%clk 0:37:38]} Bg4 {[%clk 0:11:40]} 30. Rc2 {[%clk
0:35:38]} Ne7 {[%clk 0:11:07]} 31. Qc5 {[%clk 0:32:38]} Nf5 {[%clk 0:10:27]} 32.
Rb8 {[%clk 0:31:21]} Rxb8 {[%clk 0:10:18]} 33. Bxb8 {[%clk 0:31:41]} Nd4 {[%clk
0:09:33]} 34. Bxe5 {[%clk 0:31:21]} Nxc2 {[%clk 0:09:54]} 35. Qf8# {[%clk
0:31:44]} 1-0

[Event "Greek Team Championship"]
[Site "chess24.com"]
[Date "2017.07.08"]
[Round "7"]
[White "Fragkos, Vasileios"]
[Black "Athanasopoulos, Theodoros"]
[Result "1-0"]
[Board "10"]
[WhiteElo "1453"]
[WhiteCountry "GRE"]
[WhiteFideId "25832646"]
[WhiteEloChange "6"]
[BlackElo "1297"]
[BlackCountry "GRE"]
[BlackFideId "25842722"]
[BlackEloChange "-6"]

1. e4 {[%clk 1:30:53]} e5 {[%clk 1:30:47]} 2. Nf3 {[%clk 1:31:12]} Nc6 {[%clk
1:31:03]} 3. Bc4 {[%clk 1:31:14]} Nf6 {[%clk 1:31:19]} 4. d3 {[%clk 1:31:31]} Bc5
{[%clk 1:31:13]} 5. O-O {[%clk 1:30:51]} O-O {[%clk 1:31:41]} 6. c3 {[%clk
1:30:06]} Bb6 {[%clk 1:26:49]} 7. Nbd2 {[%clk 1:22:53]} d6 {[%clk 1:24:21]} 8.
Bb3 {[%clk 1:22:58]} Qe7 {[%clk 1:19:26]} 9. h3 {[%clk 1:18:24]} Be6 {[%clk
1:19:29]} 10. Bc2 {[%clk 1:18:43]} Nd7 {[%clk 1:13:55]} 11. Bb3 {[%clk 1:02:59]}
Na5 {[%clk 1:11:12]} 12. Bxe6 {[%clk 0:59:12]} Qxe6 {[%clk 1:11:31]} 13. b4
{[%clk 0:59:02]} Nc6 {[%clk 1:11:43]} 14. Nc4 {[%clk 0:58:42]} f5 {[%clk
1:10:31]} 15. exf5 {[%clk 0:56:26]} Qxf5 {[%clk 1:06:29]} 16. Nxb6 {[%clk
0:56:07]} Nxb6 {[%clk 1:04:58]} 17. Be3 {[%clk 0:52:06]} Nd5 {[%clk 1:01:38]} 18.
Qb3 {[%clk 0:49:43]} Kh8 {[%clk 0:59:07]} 19. Qxd5 {[%clk 0:49:48]} Rf6 {[%clk
0:56:16]} 20. Qe4 {[%clk 0:47:59]} Qh5 {[%clk 0:55:16]} 21. Bg5 {[%clk 0:45:20]}
Rg6 {[%clk 0:55:00]} 22. Qh4 {[%clk 0:45:35]} Qxh4 {[%clk 0:53:53]} 23. Bxh4
{[%clk 0:45:58]} Rf8 {[%clk 0:53:48]} 24. Bg3 {[%clk 0:45:36]} Ne7 {[%clk
0:52:53]} 25. d4 {[%clk 0:45:03]} Nf5 {[%clk 0:51:20]} 26. dxe5 {[%clk 0:45:13]}
Nxg3 {[%clk 0:51:18]} 27. fxg3 {[%clk 0:45:39]} Rxg3 {[%clk 0:51:45]} 28. exd6
{[%clk 0:46:02]} cxd6 {[%clk 0:52:01]} 29. Rad1 {[%clk 0:46:12]} Rd8 {[%clk
0:52:01]} 30. Kh2 {[%clk 0:46:33]} Rg6 {[%clk 0:51:51]} 31. Ne5 {[%clk 0:46:45]}
1-0

[Event "Greek Team Championship"]
[Site "chess24.com"]
[Date "2017.07.08"]
[Round "7"]
[White "Firman, Nazar"]
[Black "Nedev, Trajko"]
[Result "1/2-1/2"]
[Board "1"]
[WhiteElo "2512"]
[WhiteTitle "GM"]
[WhiteCountry "UKR"]
[WhiteFideId "14104490"]
[BlackElo "2481"]
[BlackTitle "GM"]
[BlackCountry "MKD"]
[BlackFideId "15000605"]

1. e4 {[%clk 1:26:31]} c5 {[%clk 1:30:53]} 2. Nf3 {[%clk 1:26:47]} Nc6 {[%clk
1:31:17]} 3. Nc3 {[%clk 1:27:07]} Nf6 {[%clk 1:31:14]} 4. Bb5 {[%clk 1:27:22]}
Qc7 {[%clk 1:31:33]} 5. O-O {[%clk 1:25:50]} Nd4 {[%clk 1:31:15]} 6. Re1 {[%clk
1:22:09]} a6 {[%clk 1:31:35]} 7. Bf1 {[%clk 1:22:15]} d6 {[%clk 1:28:51]} 8. Nxd4
{[%clk 1:15:23]} cxd4 {[%clk 1:29:14]} 9. Ne2 {[%clk 1:15:50]} e5 {[%clk
1:16:07]} 10. c3 {[%clk 1:15:50]} dxc3 {[%clk 1:09:39]} 11. Nxc3 {[%clk 1:12:20]}
Be7 {[%clk 1:08:55]} 12. d4 {[%clk 1:12:24]} h6 {[%clk 1:03:48]} 13. Be3 {[%clk
1:09:00]} O-O {[%clk 1:02:12]} 14. Rc1 {[%clk 1:07:11]} Qd8 {[%clk 0:55:15]} 15.
f3 {[%clk 0:54:39]} b5 {[%clk 0:52:51]} 16. Qd2 {[%clk 0:52:31]} Bb7 {[%clk
0:45:06]} 17. a4 {[%clk 0:47:34]} bxa4 {[%clk 0:43:08]} 18. Nxa4 {[%clk 0:47:38]}
exd4 {[%clk 0:37:12]} 19. Qxd4 {[%clk 0:42:51]} Rb8 {[%clk 0:32:16]} 20. Nb6
{[%clk 0:30:05]} Nd7 {[%clk 0:29:52]} 21. Nc4 {[%clk 0:29:07]} Nc5 {[%clk
0:23:34]} 22. Rcd1 {[%clk 0:28:47]} Qc7 {[%clk 0:19:16]} 23. Nxd6 {[%clk
0:25:18]} Ne6 {[%clk 0:19:13]} 24. Qd2 {[%clk 0:22:56]} Bf6 {[%clk 0:13:07]} 25.
f4 {[%clk 0:18:44]} Rfd8 {[%clk 0:10:41]} 26. e5 {[%clk 0:18:14]} Bh4 {[%clk
0:11:05]} 27. Bf2 {[%clk 0:14:40]} Be7 {[%clk 0:11:27]} 28. f5 {[%clk 0:13:09]}
Ng5 {[%clk 0:10:40]} 29. Qc3 {[%clk 0:09:05]} Qxc3 {[%clk 0:06:56]} 30. bxc3
{[%clk 0:09:29]} Ne4 {[%clk 0:07:16]} 31. Ba7 {[%clk 0:04:26]} Bxd6 {[%clk
0:06:12]} 32. exd6 {[%clk 0:04:20]} Ra8 {[%clk 0:06:00]} 33. Bd4 {[%clk 0:02:56]}
Nxd6 {[%clk 0:04:19]} 34. Bb6 {[%clk 0:02:51]} Re8 {[%clk 0:04:36]} 35. Rxe8+
{[%clk 0:01:53]} Nxe8 {[%clk 0:05:05]} 36. c4 {[%clk 0:01:10]} Nf6 {[%clk
0:05:28]} 37. c5 {[%clk 0:01:16]} Nd5 {[%clk 0:04:10]} 38. Be2 {[%clk 0:00:47]}
Nc3 {[%clk 0:03:05]} 39. Rd2 {[%clk 0:00:38]} Nxe2+ {[%clk 0:03:14]} 40. Rxe2
{[%clk 0:31:03]} Kf8 {[%clk 0:32:17]} 41. Ba5 {[%clk 0:15:02]} Bc6 {[%clk
0:30:29]} 42. Rd2 {[%clk 0:13:55]} Rc8 {[%clk 0:22:34]} 43. Kf2 {[%clk 0:12:49]}
Ke8 {[%clk 0:21:53]} 44. g4 {[%clk 0:10:59]} Bb5 {[%clk 0:13:56]} 45. Bb6 {[%clk
0:11:05]} Ke7 {[%clk 0:12:37]} 46. Ke3 {[%clk 0:08:50]} Bd7 {[%clk 0:10:24]} 47.
Rd5 {[%clk 0:06:05]} f6 {[%clk 0:10:13]} 48. h4 {[%clk 0:03:51]} h5 {[%clk
0:09:25]} 49. g5 {[%clk 0:03:50]} Ra8 {[%clk 0:08:28]} 50. Ba5 {[%clk 0:01:33]}
Rb8 {[%clk 0:08:46]} 51. Bb6 {[%clk 0:01:50]} Ra8 {[%clk 0:09:12]} 52. Kf4 {[%clk
0:00:59]} a5 {[%clk 0:09:19]} 53. c6 {[%clk 0:00:33]} Bxc6 {[%clk 0:09:22]} 54.
Rxa5 {[%clk 0:01:02]} Rxa5 {[%clk 0:09:20]} 55. Bxa5 {[%clk 0:01:26]} 1/2-1/2